| 000 | 00511nam a2200217Ia 4500 | ||
|---|---|---|---|
| 003 | OSt | ||
| 005 | 20240913102733.0 | ||
| 007 | ta | ||
| 008 | 220927b |||||||| |||| 00| 0 eng d | ||
| 024 | _a8672 | ||
| 037 | _cTextual | ||
| 040 |
_aSDCL _cSDCL _beng |
||
| 041 |
_2eng _aeng |
||
| 082 | _aO-,3M82x K7 | ||
| 100 | _aJoyce, James | ||
| 245 | 0 | _aDubliners : | |
| 260 |
_c1967. _aLondon : |
||
| 300 | _a261p. | ||
| 942 |
_hO-,3M82x K7 _cTEXL _2CC |
||
| 999 |
_c811527 _d811527 |
||